• 首页
  • 本馆介绍
  • 公告通知
  • 最新文献
  • 馆藏检索
  • 电子资源
  • 读者导购
  • 参考咨询
  • 我的图书馆
  • 登录
  • 详细信息显示
  • 放入我的书架
  • 预约/预借图书
  • 作者相关作品
  • 分类相关作品
  • 丛书相关作品
  • 出版社相关作品

书目信息

  • 表格格式
  • 工作单格式
  • 卡片格式
题名:
迭代方法和预处理技术
    
 
作者: 谷同祥 编著
分册: 上册  
出版信息: 北京   科学出版社  2015.11
页数: 540页
开本: 27cm
丛书名: 信息与计算科学丛书
单 册:
中图分类: O241.6
科图分类:
主题词: 迭代法
电子资源:
ISBN: 978-7-03-046036-3
000 01168nam0 2200265 450
001 4031
001 01CN11758854@CSLN
005 20161212164038.79
010    @a978-7-03-046036-3@b圆脊精装@dCNY178.00
100    @a20151206d2015 em y0chiy50 ea
101 0  @achi
102    @aCN@b110000
105    @aa z 000yy
200 1  @a迭代方法和预处理技术@h上册@f谷同祥等编著@9die dai fang fa he yu chu li ji shu
210    @a北京@c科学出版社@d2015.11
215    @a540页@c图@d27cm
225 2  @a信息与计算科学丛书@9xin xi yu ji suan ke xue cong shu
330    @a本书系统而深入地介绍了迭代方法、预处理技术及其并行计算。迭代法涉及分裂方法、并行多分裂方法、Krylov子空间方法、并行Krylov子空间方法、Newton法及其变形;预处理技术涉及一般代数预处理、问题相关预处理、多层和多重网格预处理以及非线性预处理;为了方便实施,介绍了方法在诸多方面的应用,并用统一框架介绍了网上可得解法器和预处理软件包
333    @a并行数值方法等相关专业的硕士和博士研究生及相关科研人员
461  0 @12001 @a信息与计算科学丛书
606 0  @a迭代法
690    @aO241.6@v4
701  0 @a谷同祥@4编著@9gu tong xiang
801  0 @aCN@b大连网信软件有限公司图书馆·11@c20161212
905    @aZUCC@dO241.6@e174:1
    
    迭代方法和预处理技术.上册/谷同祥等编著.-北京:科学出版社,2015.11
    540页:图;27cm.-(信息与计算科学丛书)
    使用对象:并行数值方法等相关专业的硕士和博士研究生及相关科研人员
    
    ISBN 978-7-03-046036-3(圆脊精装):CNY178.00
    本书系统而深入地介绍了迭代方法、预处理技术及其并行计算。迭代法涉及分裂方法、并行多分裂方法、Krylov子空间方法、并行Krylov子空间方法、Newton法及其变形;预处理技术涉及一般代数预处理、问题相关预处理、多层和多重网格预处理以及非线性预处理;为了方便实施,介绍了方法在诸多方面的应用,并用统一框架介绍了网上可得解法器和预处理软件包
●
相关链接 在E读中查询图书 在五车中查询图书 在当当中查询图书 在豆瓣中查询图书


正题名:迭代方法和预处理技术     索取号:O241.6/174:1         预约/预借

序号 登录号 条形码 馆藏地/架位号 状态 备注
1 909963   209099633   第二样本阅览室/ [索取号:O241.6/174:1] 在馆    
2 909964   209099642   第三借阅区/ [索取号:O241.6/174:1] 在馆    
3 909965   209099651   第三借阅区/ [索取号:O241.6/174:1] 在馆    
4 909966   209099660   第三借阅区/ [索取号:O241.6/174:1] 在馆    
唐山师范学院图书馆 欢迎您!
大连网信软件有限公司© 版权所有